00848nam a2200181 a 450000100100000000500170001000800410002704000250006808200150009310000330010824501580014126000430029930000310034270000440037395201130041795201190053099900170064900003368920200930070438.0110906s1892 xxuc 000 0 spa d aDO-SdBNPbspacBNPHU axxxbC726w1 aColumbus, Christopher91477010aWritings of Christopher Columbus :bdescriptive of the discovery and occupation of the New World /cedited, with an introduction, by Paul Leicester Ford. aNew York :bC.L. Webster & Co.,c1892. a255 p. :bretr., ;c19 cm.1 aFord, Paul Leicester,d1865-1902959143 001050718RVaGRbGRcCTd2011-09-06iLF1l0oxxx C726wp33689-10r2020-06-25w2020-06-25y1ZNo se presta 001050718RVaGRbGRcCTd2011-10-11iLF1l0oxxx C726wp33689-20r2020-06-25te. 2w2020-06-25y1ZNo se presta c33180d33180